000 00576nam a2200217 a 4500
001 0001-2163
003 ELIB.Books
008 190727 2010 eng
020 _a0817012346
092 _a262.001
_bCam
100 _aCampolo, Tony.
245 _aCan Mainline Denominations Make a Comeback?
260 _aValley Forge
_bJudson Press
_c1995
300 _a15856
_c21.5cm
650 _aProtestant Churches
856 _nKBTS Library
_uKBTS Elib
942 _2ddc
_cBK
990 _a1
998 _aEnglishbooks.elf
_ccat
_e2019-07-27
999 _c12163
_d12163